000 00487nam a22001817a 4500
999 _c524824
_d524824
003 NUST
020 _a-
038 _aZafar Malik
082 _a891.423
_bKAL
100 _aKalanchwi, Mussarat
_915617
245 _aThal Maro Da Painda /
_cMussarat Kalanchwi
260 _aMultan :
_bSaraiki Adbi Board ;
_c2005.
300 _a144 p. ;
500 _aHardcover
880 _6100-02\r
_aمسرت کلانچوی
880 _6245-02\r
_aتھل مارو دا پینڈا
942 _2ddc
_cBK